Online Catalogue and eLibrary

Criminal Gods and demon devotees : (Record no. 1373)

MARC details
000 -LEADER
fixed length control field 00543nam a2200157Ia 4500
005 - DATE AND TIME OF LATEST TRANSACTION
control field 20240731070013.0
008 - FIXED-LENGTH DATA ELEMENTS--GENERAL INFORMATION
fixed length control field 240331s9999 xx 000 0 und d
020 ## - INTERNATIONAL STANDARD BOOK NUMBER
ISBN 8185425191
082 ## - DDC Classification
Item Number - Author Mark CRI
Class No. 291.5
245 #0 - TITLE STATEMENT
Title Criminal Gods and demon devotees :
Remainder of title essays on theguardians opopular Hinduism
260 ## - PUBLICATION, DISTRIBUTION, ETC.
Place of publication, distribution, etc. New Delhi
Name of publisher, distributor, etc. Manohar Publications
Date of publication, distribution, etc. 1990
300 ## - PHYSICAL DESCRIPTION
Extent (e.g. Volumes, Pages etc.) xii, 491 p .,
500 ## - GENERAL NOTE
General note The book brings together 15 well researched a papers based on actual field work by well known scholars.
700 ## - ADDED ENTRY--PERSONAL NAME
Personal name Hiltebeitel, Alf
Relator term (Role) Editor
942 ## - Koha item type (Biblio)
Koha item type Books in Stacks (Lending)
Holdings
Lost status Damaged status Collection code Home library Current library Shelving location Date acquired Full call number Accession Number Item type
    Lending WERC Library WERC Library Social Science Cupboard 03/31/2024 291.5 CRI 1086 Books in Stacks (Lending)

© WERC Library